000 00344 a2200145 4500
001 169309
020 _a
040 _cMagnum
100 _aGoncalves, Ana Maria
240 1 0 _aDinamica de grupos na formacao de liderancas
_lpor
245 1 0 _aDinamica de grupos na formacao de liderancas
362 0 _a1899
697 _aENSINO
942 _cBK
999 _c169309
_d169309